000 00623nam a2200229Ia 4500
003 OSt
005 20220928105100.0
006 a|||||r|||| 00| 0
007 ta
008 220927b |||||||| |||| 00| 0 eng d
024 _a41441
037 _cTextual
040 _aSDCL
_cSDCL
_beng
041 _2eng
_aeng
082 _aV2,6'N7, L7
100 _aBhogle Shantaram K
_9413646
245 0 _aLocal government and administration in India
260 _aAurangabad
_bParimal Prakashan
_c1977
300 _a329p
_ccm.
942 _hV2,6'N7, L7
_cTEXL
_2CC
999 _c729443
_d729443